000 00955 a2200229 4500
005 20260325115458.0
008 260325b |||||||| |||| 00| 0 eng d
020 _a9789382554806 (hbk)
037 _cTB
040 _aCRL
_cCRL
041 _2hin
_ahin
084 _aO152,1N177x Q7
_qCRL
100 _aश्रीकांत, श्रीनिवास
_9861869
245 _aमुक्तिबोध एक पुनर्मूल्यांकन 21 कविताएँ
260 _aदिल्ली, भारत:
_bअद्वैत प्रकाशन,
_c2017.
300 _a232पृ.
365 _b450.00
_cINR
650 _aहिन्दी कविता
650 _aहिन्दी साहित्य
942 _cTB
_2CC
_hO152,1N177x Q7
999 _c1466885
_d1466885